| 000 | 00716nam a2200193Ii 4500 | ||
|---|---|---|---|
| 003 | JO-AjNU | ||
| 008 | 230605s9999||||xx |||||||||||||| ||und|| | ||
| 040 |
_aJO-AjNU _bara _erda _cJO-AjNU |
||
| 041 | _aara | ||
| 050 | 1 | 4 | _aPJ6199.K4222 1992 |
| 100 | 3 |
_aالإسكافي، أبي عبدالله محمد بن عبدالله الخطيب؛ تحقيق وتعليق يحيى القاسم, _eauthor _934877 |
|
| 245 | 0 | 0 | _aشرح أبيات مبادىء اللغة |
| 264 | 3 | 1 | _aالكرك: جامعة مؤتة، 1992 |
| 300 | _a99ص | ||
| 336 |
_atext _btxt _2rdacontent |
||
| 337 |
_aunmediated _bn _2rdamedia |
||
| 338 |
_avolume _bnc _2rdacarrier |
||
| 650 | 4 |
_aاللغة العربية - شرح اللغة _934878 |
|
| 999 |
_aA14343 _c17911 _d17911 |
||